000
00261nam a22001217a 4500
008
181207b xxu||||| |||| 00| 0 eng d
041
_a
eng
080
_a
541
100
_a
12
101
_a
KIM
245
_a
Elements Of Chemistry
_c
Fuller.B
942
_2
udc
_c
BK
999
_c
52989
_d
52989